In the jaws of history / (Record no. 7919)
[ view plain ]
| 000 -LEADER | |
|---|---|
| fixed length control field | 01309pam a2200373 a 4500 |
| 001 - CONTROL NUMBER | |
| JCCL Control Number | 7919 |
| 003 - CONTROL NUMBER IDENTIFIER | |
| JCCL marc code | BD-JhCC |
| 005 - DATE AND TIME OF LATEST TRANSACTION | |
| control field | 20180215122157.0 |
| 008 - FIXED-LENGTH DATA ELEMENTS--GENERAL INFORMATION | |
| fixed length control field | 981102r19991987inua 001 0aeng |
| 020 ## - INTERNATIONAL STANDARD BOOK NUMBER | |
| International Standard Book Number | 0253335396 (cl : alk. paper) |
| 020 ## - INTERNATIONAL STANDARD BOOK NUMBER | |
| International Standard Book Number | 0253213010 (pa : alk. paper) |
| 035 ## - SYSTEM CONTROL NUMBER | |
| system control number | (DLC) 98043865 |
| -- | (BD-JhCC)7919 |
| 040 ## - CATALOGING SOURCE | |
| Original cataloging agency | DLC |
| Transcribing agency | DLC |
| Modifying agency | DLC |
| -- | BD-JhCC |
| 041 ## - LANGUAGE CODE | |
| Language code of Book | eng |
| 050 00 - LIBRARY OF CONGRESS CALL NUMBER | |
| Classification number | DS556.93.B85 |
| Item number | A3 1999 |
| 082 00 - DEWEY DECIMAL CLASSIFICATION NUMBER | |
| Classification number | 959.704 |
| DDC Edition number | 21 |
| Author mark and Year | BUI 1999 |
| 100 1# - MAIN ENTRY--PERSONAL NAME | |
| Personal name | Bui, Diem. |
| 245 10 - TITLE STATEMENT | |
| Title | In the jaws of history / |
| Statement of responsibility, etc | Bui Diem with David Chanoff ; foreword by Jane Hamilton-Merritt. |
| 260 ## - PUBLICATION, DISTRIBUTION, ETC. (IMPRINT) | |
| Place of publication, distribution, etc | Bloomington : |
| Name of publisher, distributor, etc | Indiana University Press, |
| Date of publication, distribution, etc | 1999. |
| 300 ## - PHYSICAL DESCRIPTION | |
| Pagination | xiv, 367 p. : |
| Other physical details | illus. ; |
| Dimensions | 24 cm. |
| 440 #0 - | |
| Title | Vietnam war era classics series |
| 500 ## - GENERAL NOTE | |
| General note | Originally published: Boston : Houghton Mifflin, 1987. |
| 500 ## - GENERAL NOTE | |
| General note | Includes index. |
| 600 10 - SUBJECT ADDED ENTRY--PERSONAL NAME | |
| Personal name | Bui, Diem. |
| 650 #0 - SUBJECT ADDED ENTRY--TOPICAL TERM | |
| Topical term or geographic name as entry element | Vietnam War, 1961-1975. |
| 650 #0 - SUBJECT ADDED ENTRY--TOPICAL TERM | |
| Topical term or geographic name as entry element | Ambassadors |
| Geographic subdivision | Vietnam (Republic) |
| Form subdivision | Biography. |
| 651 #0 - SUBJECT ADDED ENTRY--GEOGRAPHIC NAME | |
| Geographic name | Vietnam (Republic) |
| General subdivision | Politics and government. |
| 651 #0 - SUBJECT ADDED ENTRY--GEOGRAPHIC NAME | |
| Geographic name | Vietnam (Republic) |
| General subdivision | Foreign relations |
| Geographic subdivision | United States. |
| 651 #0 - SUBJECT ADDED ENTRY--GEOGRAPHIC NAME | |
| Geographic name | United States |
| General subdivision | Foreign relations |
| Geographic subdivision | Vietnam (Republic). |
| 651 #0 - SUBJECT ADDED ENTRY--GEOGRAPHIC NAME | |
| Geographic name | United States |
| General subdivision | Foreign relations |
| Chronological subdivision | 1945-1989. |
| 700 1# - ADDED ENTRY--PERSONAL NAME | |
| Personal name | Chanoff, David. |
| 942 ## - ADDED ENTRY ELEMENTS (KOHA) | |
| Source of classification or shelving scheme | Dewey Decimal Classification |
| Koha item type | Books |
| Source of classification or shelving scheme | Damaged status | Not for loan | Home library | Current library | Shelving location | Total Checkouts | Full call number | Barcode | Date last seen | Copy number | Koha item type |
|---|---|---|---|---|---|---|---|---|---|---|---|
| Dewey Decimal Classification | JCC Rouf Library | JCC Rouf Library | General Stacks | 959.704 BUI 1999 | 10429 | 02/15/2018 | C - 1 | Books |